Top 20 des pays avec le plus haut taux d'obésité - Statistiques

Statistiques générales
  • Ce quiz a été pris 222 fois
  • Le résultat moyen est 8 sur 20
Statistiques - réponses
Hint Hint Réponse % Correct
11 (36.2%) Amérique du Nord Etats-Unis
95%
20 (30.8%) Océanie Nouvelle-zélande
68%
6 (48.2%) Océanie Tonga
49%
7 (47.3%) Océanie Samoa
46%
4 (52.9%) Océanie Iles Marshall
43%
13 (35.4%) Asie Arabie Saoudite
42%
1 (61%) Océanie Nauru
42%
5 (51.6%) Océanie Tuvalu
42%
8 (46%) Océanie Kiribati
41%
17 (32%) Afrique Egypte
40%
9 (45.8%) Océanie États fédérés de Micronésie
40%
3 (55.3%) Océanie Palaos
37%
14 (35.1%) Asie Qatar
34%
19 (31.7%) Asie Émirats arabes unis
33%
16 (32.01%) Asie Turquie
31%
18 (32%) Asie Liban
29%
10 (37.9%) Asie Koweït
27%
12 (35.5%) Asie Jordanie
23%
15 (32.5%) Afrique Libye
23%
2 (55.9%) Océanie Iles Cook
7%
Aucun quiz correspondant
Distribution des résultats
% des personnes avec chaque résultat
Percentile par nombre de réponses
Votre historique - résultats
Vous n’avez pas pris ce quiz